000 01188nam a2200349 c 4500
999 _c23958
_d23958
001 23958
003 ES-MaCES
005 20190723111515.0
008 110824s2007 sp d t 000 | spa d
035 _aCES20110006679m
040 _aES-MaCES
_bspa
_cES-MaCES
245 0 0 _aCaracterísticas de las empresas "gacela" en España
_b: un estudio sobre las Pymes de alto rendimiento : [Programa investigaciones EOI Escuela de Negocios]
260 _a[Madrid]
_bEOI
_c2007
300 _a111 h.
_bgráf. col.
_c30 cm
500 _aEl 2º subt. tomado de la cub.
541 _cGratuito
650 4 _apequeña empresa
_930173
650 4 _asector económico
_930015
650 4 _ainnovación
_928230
650 4 _ainvestigación y desarrollo
_928273
650 4 _aproductividad
_928259
650 4 _arentabilidad de la inversión
_928153
650 4 _acompetitividad
_928270
650 4 _aEspaña
_926964
650 4 _a2002-2007
_931689
650 4 _930344
_aevaluación del impacto ambiental
653 1 0 _aEmpresa
710 2 _aEscuela de Organización Industrial
_eed.
_92702
902 _aLIB Libro
942 _2CES
_cBK
_h0.0.